000 01122nam a22002297a 4500
999 _c58540
_d58540
003 Ge_BSU
005 20220531130823.0
008 220531s2012 ge ||||| |||| 00| 0 geo d
020 _a9789941050244
041 _ageo
080 _a128+1(430)(092 ჰაიდეგერი) გ-70
100 _aგორდეზიანი, რევაზ
_96035
245 _aადამიანის (Dasein) პრობლემა მარტინ ჰაიდეგერის "ფუნდამენტურ ონტოლოგიაში" /
_cრევაზ გორდეზიანი ; რედ. გურამ თევზაძე.
264 _aთბილისი :
_bCarpe diem,
_c 2012.
300 _a363 გვ. ;
_b20 სმ.
504 _aბიბლიოგრ.: გვ. 360-361.
653 _aანთროპოლოგია და ფილოსოფია.
653 _aონტოლოგია.
653 _aჰაიდეგერი, მარტინ.
700 _aთევზაძე, გურამ
_eრედაქტორი
_913896
942 _2udc
_cBK